Sports Quiz

Random Sports or Soccer Quiz

FA Cup Winning Captains Quiz Stats

 Plays Quiz Updated May 23, 2018

Also try: FA Cup Winners
Challenge
Share
Tweet
Embed
Score 0/108 Timer 12:00
13 Plays Today
Year Captain % Correct
2007John Terry
88.8%
2010John Terry
88.8%
2009John Terry
88.8%
2012John Terry
86.3%
2006Steven Gerrard
82.5%
1999Roy Keane
75.7%
2004Roy Keane
75.7%
1993Tony Adams
73.9%
1998Tony Adams
73.9%
2002Tony Adams
73.9%
2005Patrick Vieira
68.9%
2018Gary Cahill
66.9%
2016Wayne Rooney
65.7%
2017Laurent Koscielny
54%
1994Steve Bruce
53.6%
1985Bryan Robson
50.9%
1983Bryan Robson
50.9%
1990Bryan Robson
50.9%
1996Eric Cantona
50.5%
1997Dennis Wise
49.8%
2000Dennis Wise
49.8%
2008Sol Campbell
48.1%
1901Jack L. Jones
46.6%
1938Tom Smith
46.1%
1923Joe Smith
45.8%
1926Joe Smith
45.8%
1964Bobby Moore
43.1%
2001Sami Hyypiä
42.6%
2003David Seaman
39.2%
1974Emlyn Hughes
38.9%
1986Alan Hansen
37.8%
2015Mikel Arteta
34.8%
1949Billy Wright
33%
1992Mark Wright
32.7%
1995Dave Watson
32.4%
1991Gary Mabbutt
32.3%
Year Captain % Correct
1972Billy Bremner
29.3%
1988Dave Beasant
26.3%
1936Alex James
23.2%
1975Billy Bonds
21.7%
1980Billy Bonds
21.7%
1981Steve Perryman
21%
1982Steve Perryman
21%
1961Danny Blanchflower
20.2%
1962Danny Blanchflower
20.2%
1984Kevin Ratcliffe
18.9%
1970Ron Harris
18.1%
1978Mick Mills
16.7%
1989Ronnie Whelan
16.5%
1971Frank McLintock
16.1%
2011Carlos Tevez
15.6%
1957Johnny Dixon
14.8%
1979Pat Rice
14.3%
1977Martin Buchan
14.2%
1958Nat Lofthouse
14.1%
2014Thomas Vermaelen
14%
1968Graham Williams
14%
1987Brian Kilcline
13.9%
1967Dave Mackay
13.4%
2013Emmerson Boyce
12.8%
1922Tom Wilson
12.3%
1906Jack Taylor
12.1%
1912Archie Taylor
12.1%
1965Ron Yeats
11.3%
1969Tony Book
11.2%
1933Dixie Dean
11.1%
1909Charlie Roberts
9%
1976Peter Rodrigues
8.6%
1966Brian Labone
8.5%
1973Bobby Kerr
7.9%
1930Tom Parker
6.8%
1950Joe Mercer
5.7%
Year Captain % Correct
1952Joe Harvey
5.5%
1951Joe Harvey
5.5%
1963Noel Cantwell
5.3%
1948Johnny Carey
5%
1937Raich Carter
4.9%
1953Harry Johnston
4.6%
1904Billy Meredith
3.6%
1956Roy Paul
3.3%
1925Billy Gillespie
2.5%
1960Bill Slater
2.4%
1955Jimmy Scoular
1.7%
1946Jack Nicholas
1.7%
1927Fred Keenor
1.7%
1932Jimmy Nelson
1.4%
1947Don Welsh
1.4%
1903George Ross
1.4%
1905Howard Spencer
1.3%
1914Tommy Boyle
1.2%
1902Ernest Needham
1.1%
1910Colin Veitch
1%
1920Andy Ducat
1%
1934Sam Cowan
1%
1931Tommy Glidden
0.9%
1921Arthur Grimsdell
0.9%
1954Lee Millard
0.9%
1911Jimmy Speirs
0.9%
1939Jimmy Guthrie
0.9%
1959Jack Burkitt
0.8%
1913Joseph Bache
0.7%
1935Ronnie Starling
0.7%
1924Frank Hudspeth
0.7%
1907Tommy Crawshaw
0.7%
1908Billy Wooldridge
0.6%
1928Harry Healless
0.6%
1915George Utley
0.6%
1929Jimmy Seddon
0.5%

You're not logged in!

Compare scores with friends on all Sporcle quizzes.
OR
Log In

You Might Also Like...

Show Comments

Extras

Top Quizzes Today


Score Distribution

Your Account Isn't Verified!

In order to create a playlist on Sporcle, you need to verify the email address you used during registration. Go to your Sporcle Settings to finish the process.

Report this User

Report this user for behavior that violates our Community Guidelines.

Details: